Contribución estatal a los partidos en Costa Rica: apuntes sobre sus efectos en la dinámica del sistema de partidos

Guardado en:
Bibliografiske detaljer
Hovedforfatter: Casas Z, Kevin
Format: Texto
Udgivet: San José :
Udgivelse:0
Tags: Tilføj Tag
Ingen Tags, Vær først til at tagge denne postø!

MARC

LEADER 00000 a a2200000 04500
001 18251
003
040
090 |a 142614  
100 |a Casas Z, Kevin  
245 |a Contribución estatal a los partidos en Costa Rica: apuntes sobre sus efectos en la dinámica del sistema de partidos  
250 |a 0  
260 |a San José :  
300 |a 21 p.  
300 |b **no definido**   |b fonodiscos  
999 |c 2557  |d 2557